000 00683nam a2200253Ia 4500
003 OSt
005 20220918182315.0
006 a|||||r|||| 00| 0
007 ta
008 220917b |||||||| |||| 00| 0 eng d
024 _a31,804
037 _cTextual
040 _aARTS
_cARTS
_beng
041 _2eng
_aeng
082 _aO-,1L52:g, H8
100 _aBrowning Robert
_95529
245 0 _aEssay on Chatterton ed by Donald Smally
260 _aWestport
_bGreenwood Press
_c1948
300 _axi,194p.
_ccm.
500 _aAppendix 177-88p
650 _aENGLISH LITERATURE
942 _hO-,1L52:g, H8
_cTEXL
_2CC
999 _c168488
_d168488